000 00444cam a2200181ua 4500
001 2356
008 110805n ii |||gr||||Z||||||eng
040 _cMAIN
082 _a370.92
100 1 _aDas. Lakshahira,
_eAuthor.
245 1 _aSome great educators
_cby Lakshahira Das
250 _a1st.
260 _aGuahati:
_bDutta baruah & co.,982.
300 _a71p:
_c23cm.
653 _aEducation
653 _aSome great educators
942 _cBK
999 _c2214
_d2214